| 000 | 00554nam a2200205Ia 4500 | ||
|---|---|---|---|
| 005 | 20250326144154.0 | ||
| 008 | 250326s9999 xx 000 0 und d | ||
| 020 | _a978-1-56327-314-8 | ||
| 037 | _aTextbook | ||
| 040 |
_aFMSL _beng _cFMSL |
||
| 041 |
_aeng _2eng |
||
| 084 |
_aX:89A P6 _qFMSL |
||
| 100 |
_aCimorelli S _9749182 |
||
| 245 | 0 |
_aKanban for the supply chain _cCimorelli S |
|
| 260 |
_aNY _bNY, Productivity _c2006 |
||
| 300 | _a128p | ||
| 365 | _b1927.8363999999999 | ||
| 942 |
_cTB _hX:89A P6 |
||
| 999 |
_c1302656 _d1302656 |
||